Nintendo Switch exclusive game – Sudden Death - Statistics

General Stats
  • This quiz has been taken 1,074 times
    20 since last reset
  • The average score is 3 of 16
Answers on the Grid
Answers color-coded by a green-red scale on the quiz's grid according to % correct below.
Mario Kart 8 Deluxe
Animal Crossing: New Horizons
Super Smash Bros. Ultimate
The Legend of Zelda: Breath of the Wild
Super Mario Odyssey
The Legend of Zelda: Tears of the Kingdom
Super Mario Party
New Super Mario Bros. U Deluxe
Nintendo Switch Sports
Super Mario Bros. Wonder
Ring Fit Adventure
Luigi's Mansion 3
Super Mario 3D World
Kirby and the Forgotten Land
Donkey Kong Country: Tropical Freeze
Fire Emblem: Three Houses
1-2 Switch
Pikmin 4
Super Mario RPG
Minecraft
ARMS
Captain Toad: Treasure Tracker
Paper Mario: The Thousand-Year Door
Octopath Traveler
Mario Kart Live: Home Circuit
Princess Peach Showtime!
Bayonetta 3
Splatoon 3
Super Mario Maker 2
The Legend of Zelda: Echoes of Wisdom
Super Mario Party Jamboree
The Legend of Zelda: Link’s Awakening
 
Answer Stats
Answer % Correct
1-2 Switch
40%
Super Mario Maker 2
40%
Super Mario Odyssey
40%
Super Mario Party
40%
ARMS
20%
Fire Emblem: Three Houses
20%
Luigi's Mansion 3
20%
Mario Kart Live: Home Circuit
20%
Nintendo Switch Sports
20%
Splatoon 3
20%
Bayonetta 3
10%
Pikmin 4
10%
Princess Peach Showtime!
10%
Ring Fit Adventure
10%
The Legend of Zelda: Echoes of Wisdom
10%
Super Smash Bros. Ultimate
0%
No matching quizzes found
Score Distribution
Percent of People with Each Score
Percentile by Number Answered
Your Score History
You have not taken this quiz since the last reset